000 00841nas a2200265 4500
001 BR9508570
003 BR-BrBNA
005 20231205095500.0
007 ta
008 230509b bl.|||p| |||| 00| 00por d
040 _aBR-BrBNA
_bpor
_cBiblioteca Nacional de Agricultura
041 _a(Pt)
072 _aF06; P33
100 1 _aPons, A.L.
100 1 _aMatzenauer, R.
100 1 _aPophal, C.E.
100 1 _aDeponti, P.
245 1 _aEfeitos da irrigacao, da adubacao e da densidade de plantas na cultura do milho. 2. Condicoes quimicas do solo e nutrientes no tecido foliar
650 _aMilho
650 _aIrrigacao
650 _aQuimica do Solo
773 0 _tAgronomia Sulriograndense (Brazil)
_xISSN 0400-8111
_g(1991), v. 27(1) p. 115-138
_wBR9508570
909 _a202311
_bLúcia
_c55
_dLúcia Elande
942 _2AGRIS
_n0
_cANA
999 _c150959
_d150959